Statistiques concernant Quiz sur l'Indre-et-Loire

Cliquez ici pour prendre le quiz!

Statistiques générales

  • Ce quiz a été pris 1 966 fois
  • Le résultat moyen est 9 sur 16

Statistiques - réponses

QuesRéponse% Correct
Région dans laquelle il se situeCentre-Val de Loire
96%
Numéro du département37
95%
Préfecture et ville la plus peupléeTours
93%
Guerre lors de laquelle celle-ci fut capitale de la FranceGuerre de Cent Ans
73%
Château royal d'Indre-et-Loire où repose notamment Léonard de VinciAmboise
61%
Commune limitrophe de la Vienne qui porte le nom du cardinal qui l'a faite construireRichelieu
57%
Château de la Loire surnommé « le château des Dames »Chenonceau
56%
Philosophe qui a exprimé le cogito et créateur de la géométrie analytiqueRené Descartes
55%
Écrivain du XVIème siècle, principalement connu pour Gargantua et PantagruelFrançois Rabelais
53%
Ancienne province correspondant au département actuelTouraine
52%
Sous-préfecture remarquable pour la forteresse des Plantagenêt et ses vinsChinon
49%
Auteur qui a signé les 90 ouvrages qui composent La Comédie humaineHonoré de Balzac
48%
Sous-préfecture de seulement 6 000 habitants, principalement connue grâce
aux Grosses Têtes et à sa fidèle auditrice (fictive) Madame Bellepaire de...
Loches
47%
Roi qui fut convaincu de « bouter les Anglais hors de France » dans cette villeCharles VII
36%
Préparation de viande servie froide qui est une spécialité du départementRillettes
33%
Premier Ministre de Charles de Gaulle qui a été maire de cette villeMichel Debré
26%

Distribution des résultats

Percentile par nombre de réponses

% des personnes avec chaque résultat

Votre développement - résultats

Vous n’avez pas pris ce quiz